000 00679 a2200205 4500
010 _aENG-88535
020 _a8189652664
_c900.00
035 _aEN-72068
037 _bDBAD / PUB
082 1 4 _a954.14
090 _c8807
_d8807
100 1 _aSingh, K.V.
245 1 _aThe changing face of Haryana/
_cby K.V. Singh
246 1 6 _aPrison manuscripts
260 _aDelhi
_bVista International Publishing House
_c2006
270 _aV-196, Near Shiv Sadhna Mandir, C-11, Yamuna Vihar,
_bDelhi
_e110 053
300 _aviii, 258 p.
_c22cm (Hb.)
942 _adpl
_cEN
_k954.14 / SIN
999 _c8647
_d8647